| 000 | 00541nam a2200205Ia 4500 | ||
|---|---|---|---|
| 003 | OSt | ||
| 005 | 20220107122558.0 | ||
| 008 | 130318s9999 xx 000 0 und d | ||
| 020 | _a8173661359 | ||
| 040 | _c | ||
| 082 | _a006.7 QUE/W | ||
| 100 |
_aSpainhour, Stephen _97549 |
||
| 245 | _aWebmaster in a nutshell: A desktop quick reference | ||
| 250 | _a2 | ||
| 260 |
_bOreilly/Shroff Publishers and Distributors _aMumbai _c2000 |
||
| 300 | _a523 | ||
| 650 |
_aWEB PAGE DESIGN _97550 |
||
| 700 |
_aEckstein, Robert _97551 |
||
| 942 |
_2ddc _cBK |
||
| 999 |
_c71 _d71 |
||